00493cam a22001692 4500001001100000005001700011008004100028020001700069040001500086245006100101250001200162260005800174300001500232650004200247700003100289852000300320000002095620151021153051.0120104s xx 000 0 eng d a0192806277 : aKABUcKABU12aA dictionary of accounting. /c[edited by] Jonathan Law. a3rd ed. aOxford ;aNew York :bOxford University Press,c2005. avi, 439 p. 0aAccountingvDictionaries.@00001805331 aLaw, Jonathan.@00001805561